The Bangalore Principles of Judicial Conduct 2002 (Record no. 61)

MARC details
000 -LEADER
fixed length control field 00393nam a22001457a 4500
005 - DATE AND TIME OF INPUT
control field 20231025142441.0
008 - DATA ELEMENTS--GENERAL INFORMATION
fixed length control field 231025b |||||||| |||| 00| 0 eng d
082 ## - SHELF NUMBER
DDC number 347.1 BAN
100 ## - MAIN AUTHOR
Language of a work English
245 ## - TITLE STATEMENT
Title The Bangalore Principles of Judicial Conduct 2002
260 ## - PUBLICATION, DISTRIBUTION, ETC.
Date of publication, distribution, etc. 2002
300 ## - PHYSICAL DESCRIPTION
Other physical details 11 pages ;
Dimensions 30 cm.
700 ## - OTHER AUTHORS
Other authors' name Legal practice
titles/words associated with name Law
942 ## - ADDED ENTRY ELEMENTS (KOHA)
Item type Books
942 ## - ADDED ENTRY ELEMENTS (KOHA)
-- ALISON_BN_VRIES
Holdings
Source of classification or shelving scheme Not for loan Collection code Home library Current library Shelving location Date acquired Full call number Barcode Price effective from Koha item type
Dewey Decimal Classification   TEXT BOOKS LAW SOCIETY OF NAMIBIA LIBRARY - WINDHOEK LAW SOCIETY OF NAMIBIA LIBRARY - WINDHOEK Civil Procedure and Court 10/25/2023 347.1 BAN LSN/2009/144 10/25/2023 Books